Case studies of subsistence and transition; (Record no. 84154)
[ view plain ]
| 000 -LEADER | |
|---|---|
| fixed length control field | 00651nam a22002171 4500 |
| 001 - CONTROL NUMBER | |
| control field | sa 68011860 |
| 003 - CONTROL NUMBER IDENTIFIER | |
| control field | DLC |
| 005 - DATE AND TIME OF LATEST TRANSACTION | |
| control field | 20260227112605.0 |
| 008 - FIXED-LENGTH DATA ELEMENTS--GENERAL INFORMATION | |
| fixed length control field | 711115s1964 io b 00010 eng |
| 010 ## - LIBRARY OF CONGRESS CONTROL NUMBER | |
| LC control number | sa 68011860 |
| 025 ## - OVERSEAS ACQUISITION NUMBER | |
| Overseas acquisition number | PL480:Indo-8085 |
| 043 ## - GEOGRAPHIC AREA CODE | |
| Geographic area code | a-io--- |
| 050 0# - LIBRARY OF CONGRESS CALL NUMBER | |
| Classification number | HD2085.S75 |
| Item number | P45 |
| 100 10 - MAIN ENTRY--PERSONAL NAME | |
| Personal name | Penny, David Harry. |
| 245 10 - TITLE STATEMENT | |
| Title | Case studies of subsistence and transition; |
| Remainder of title | example: North Sumatra, Indonesia |
| Statement of responsibility, etc. | [by] D. H. Penny. |
| 260 0# - PUBLICATION, DISTRIBUTION, ETC. | |
| Place of publication, distribution, etc. | [Medan? |
| Date of publication, distribution, etc. | 1964?] |
| 300 ## - PHYSICAL DESCRIPTION | |
| Extent | 13 l. |
| Dimensions | 28 cm. |
| 500 ## - GENERAL NOTE | |
| General note | Caption title. |
| 504 ## - BIBLIOGRAPHY, ETC. NOTE | |
| Bibliography, etc. note | Bibliography: leaf 12. |
| 650 #0 - SUBJECT ADDED ENTRY--TOPICAL TERM | |
| Topical term or geographic name entry element | Agriculture |
| General subdivision | Economic aspects |
| Geographic subdivision | Indonesia |
| -- | Sumatera Utara. |
No items available.